| 000 | 00675nam a22002057a 4500 | ||
|---|---|---|---|
| 999 |
_c17907 _d17907 |
||
| 003 | AR-CdUCM | ||
| 008 | 190510b ||||| |||| 00| 0 spa d | ||
| 040 |
_aMUNICIPALIDAD PROVINCIAL DEL CUSCO _cBIBLIOTECA MUNICIPAL DEL CUSCO |
||
| 082 |
_a671.52 / _bR68 |
||
| 100 |
_aRivera, Horacio _928825 |
||
| 245 | _aSoldaduras / | ||
| 260 |
_aVenezuela : _bHobby, _c1960. |
||
| 300 |
_a130 páginas ; _c20 cm. |
||
| 505 | _aContenido : Introducción -- Breve reseña histórica de la soldadura -- Diferentes clases de soldadura ... | ||
| 650 |
_aTécnicas _9975 |
||
| 650 |
_aSoldaduras _921130 |
||
| 650 |
_aMetales _919188 |
||
| 942 |
_2ddc _cLIBROS |
||
| 945 |
_arah _d10/05/2019 |
||